000 00538nam a2200205Ia 4500
999 _c3131
_d3131
003 OSt
005 20210719154503.0
008 151015s9999 xx 000 0 und d
020 _a978034096931
040 _aMMU
_beng
_cMMU
_dMMU
050 _aTR 146 .F885 2008
100 _aFrost,Lee
245 _aphotography/
_cFrost Lee.
260 _aLondon :
_bTeach Yourself,
_c 2008.
300 _axv, 330 p. :
500 _aIncludes Index
650 _aPhotography
_9482
700 _a^d20120113 11:36:09^okorir
942 _2lcc
_cLOAN LOAN